| 000 | 00702cab a2200241 4500 | ||
|---|---|---|---|
| 001 | X2854 | ||
| 008 | 090401t1995 xxu||||| |||| 00| 0 eng d | ||
| 035 | _a(Sirsi) u26864 | ||
| 041 | _aeng | ||
| 100 | _aMcAllister, P. | ||
| 245 | _aValuation accuracy: a contribution to the debate | ||
| 260 | _c1995 | ||
| 350 | _a0 | ||
| 490 |
_aJournal of Property Research _v12(3) Winter 1995, 203-216(14) |
||
| 650 | _aPROPERTY-COMMERCIAL PROPERTY-COMMERCIAL PROPERTY APPRAISAL AND VALUATION | ||
| 650 | _aPREVIOUS RESEARCH | ||
| 650 | _aPROPERTY TRANSACTIONS | ||
| 650 | _aTRANSACTION PRICES | ||
| 650 | _aVALUATION ACCURACY | ||
| 690 | _aRATING AND VALUATION | ||
| 942 | _n0 | ||
| 948 | _c04/03/1997 | ||
| 999 |
_c18095 _d18095 |
||